Modern Systems Analysis and Design (Record no. 9616)

MARC details
000 -LEADER
fixed length control field 00602nam a22002177a 4500
003 - CONTROL NUMBER IDENTIFIER
control field OSt
005 - DATE AND TIME OF LATEST TRANSACTION
control field 20260401104439.0
008 - FIXED-LENGTH DATA ELEMENTS--GENERAL INFORMATION
fixed length control field 260401b |||||||| |||| 00| 0 eng d
020 ## - INTERNATIONAL STANDARD BOOK NUMBER
International Standard Book Number 9781292468518
040 ## - CATALOGING SOURCE
Transcribing agency DDC
082 ## - DEWEY DECIMAL CLASSIFICATION NUMBER
Classification number 003 VAL 2025
100 ## - MAIN ENTRY--PERSONAL NAME
Personal name Valacich, Josephy S.; George Joey F.
9 (RLIN) 12893
245 ## - TITLE STATEMENT
Title Modern Systems Analysis and Design
250 ## - EDITION STATEMENT
Edition statement 10th ed.
260 ## - PUBLICATION, DISTRIBUTION, ETC. (IMPRINT)
Place of publication, distribution, etc. England; Pearson, 2025
300 ## - PHYSICAL DESCRIPTION
Extent 427p; Col.ill: 27.5cm
504 ## - BIBLIOGRAPHY, ETC. NOTE
Bibliography, etc References, glossary, & index included
650 ## - SUBJECT ADDED ENTRY--TOPICAL TERM
Topical term or geographic name as entry element Systems analysis
9 (RLIN) 449
650 ## - SUBJECT ADDED ENTRY--TOPICAL TERM
Topical term or geographic name as entry element Systems design
9 (RLIN) 586
942 ## - ADDED ENTRY ELEMENTS (KOHA)
Source of classification or shelving scheme Dewey Decimal Classification
Koha item type Open Shelf
Holdings
Withdrawn status Lost status Source of classification or shelving scheme Damaged status Not for loan Home library Current library Date acquired Source of acquisition Inventory number Total Checkouts Full call number Barcode Date last seen Koha item type
    Dewey Decimal Classification     Main Kihumuro Campus Main Kihumuro Campus 01/04/2026 Purchase 26/42598   003 VAL 2025 2026-0072 01/04/2026 Open Shelf
    Dewey Decimal Classification     Main Kihumuro Campus Main Kihumuro Campus 01/04/2026 Purchase 26/42535   003 VAL 2025 2026-0071 01/04/2026 Open Shelf